| 000 | 01268nam a22003497a 4500 | ||
|---|---|---|---|
| 005 | 20260414115125.0 | ||
| 008 | 260414b2026 ag ||||| |||| 00| 0 spa d | ||
| 020 |
_aTI Sentencia N° 17/26 fecha 10/4/26 _bSEN |
||
| 110 |
_aTribunal de Impugnación _91 |
||
| 245 |
_a"RETAMALES, DENIS RUBÉN MAXIMILIANO S/ RESISTENCIA O DESOBEDIENCIA A UN FUNCIONARIO PÚBLICO" / _cTribunal de Impugnación |
||
| 300 |
_a34 p. _bpdf |
||
| 518 | _a10/04/2026 | ||
| 653 | _aDESOBEDIENCIA A UNA ORDEN JUDICIAL | ||
| 653 | _aART. 239 CP | ||
| 653 | _aLESIONES LEVES | ||
| 653 | _aAGRAVANTE DE ARMA DE FUEGO ART. 41 BIS CP | ||
| 653 | _aVIOLENCIA DE GÉNERO | ||
| 653 | _aDEBIDO PROCESO | ||
| 653 | _aDERECHO DE DEFENSA EN JUICIO | ||
| 653 | _aARBITRARIEDAD DE SENTENCIA | ||
| 653 | _aACUERDO PLENO ART. 217 CPP | ||
| 653 | _aNULIDAD | ||
| 653 | _aREVISIÓN DE SENTENCIA CONDENATORIA | ||
| 653 | _aART. 254 CPP | ||
| 653 | _aEXIMICIÓN EN COSTAS | ||
| 700 |
_aJuan Jose Nazareno Eulogio _942 |
||
| 700 |
_aDeiub, Liliana Beatriz _95 |
||
| 700 |
_aTrincheri, Walter Richard _98 |
||
| 774 | _aLEG 358266/25 | ||
| 856 |
_uhttp://jurispenal.jusneuquen.gov.ar/cgi-bin/koha/opac-retrieve-file.pl?id=cec7861a37c9f1a3b64668b15d21f4a6 _ytexto completo |
||
| 942 |
_2ddc _cSEN |
||
| 999 |
_c1269 _d1269 |
||